State of Play (Registro nro. 239724)
[ vista simple ]
| 000 -ENCABEZADO | |
|---|---|
| Número de control [NR] | 02438 a2200361 4500 |
| 005 - FECHA Y HORA DE LA ÚLTIMA TRANSACCIÓN | |
| control field | 20140905144916.0 |
| 008 - DE LONGITUD FIJA DE DATOS DE ELEMENTOS - INFORMACIÓN GENERAL | |
| Elementos de longitud fija [NR] | 140220s2009 xx g 0 m mul d |
| 040 ## - FUENTE DE CATALOGACION [NR] | |
| Agencia de catalogación original [NR] | CO-BoUCM |
| Idioma de catalogación [NR] | spa |
| Quien Cataloga | Jose A. Gerena (modificó) |
| Quien Clasifica | [Nuevo] |
| 041 ## - CODIGO DE IDIOMA [R] | |
| Código de idioma para texto/pista de sonido o título separado [R] | Inglés |
| 041 ## - CODIGO DE IDIOMA [R] | |
| Código de idioma para texto/pista de sonido o título separado [R] | Español |
| 092 ## - SIGNATURA TOPOGRAFICA LOCAL | |
| Número de clasificación local | DVD 1295 |
| 245 00 - MENCION DE TITULO [NR] | |
| Título [NR] | State of Play |
| Mención de responsabilidad, etc. [NR] | Kevin Macdonald, director |
| Medio físico [NR] | [DVD] |
| 246 13 - FORMA VARIANTE DEL TITULO [R] | |
| Título propiamente dicho/forma breve del título [NR] | La sombra del poder |
| 260 ## - PUBLICACION, DISTRIBUCION, ETC. (PIE DE IMPRENTA) [R] | |
| Lugar de publicación, distribución, etc. [R] | [Lugar desconocido] |
| Nombre del editor, distribuidor, etc. [R] | Universal Pictures |
| Fecha de publicación, distribución, etc. [R] | 2009 |
| 300 ## - DESCRIPCION FISICA [R] | |
| Extensión [R] | 1 DVD, 128 minutos |
| Otros detalles físicos [NR] | imagen, sonido |
| 500 ## - NOTA GENERAL [R] | |
| Nota general [NR] | SINOPSIS: Un ladrón de poca monta es abatido a tiros en un callejón y el ayudante de un congresista cae delante de un metro - dos muertes aparentemente no relacionadas. Pero un periodista insolente Cal McAffrey espía una conspiración en espera de ser descubierto. Con un pasado turbulento conectado a la congresista y la ayuda de la ambiciosa joven escritora novata Della Frye, Cal comienza el desarraigo que le llevan a una persona jurídica llena de información privilegiada que está encubriendo a informantes y asesinos. Pero a medida que se acerca más a la verdad, el periodista implacable debe decidir si vale la pena arriesgar su vida o vender su alma para conseguir la historia final |
| 508 ## - NOTA DE CREDITOS DE CREACION/PRODUCCION [R] | |
| Nota de créditos de creación/producción [NR] | CRÉDITOS: Dirigida por Kevin Macdonald; guion por Matthew Michael Carnahan; música por Alex Heffes; diseño de producción por Mark Friedberg; dirección de arte por Gregory S. Hooper; ambientación por Cheryl Carasik; vestuario por Jacqueline West |
| 511 0# - NOTA DE PARTICIPANTE O INTERPRETE [R] | |
| Nota de participante o intérprete [NR] | REPARTO: Russell Crowe, Ben Affleck, Rachel McAdams, Helen Mirren, Robin Wright, Jason Bateman, Jeff Daniels, Michael Berresse, Harry Lennix, Josh Mostel |
| 546 ## - NOTA DE IDIOMA [R] | |
| Nota de idioma [NR] | Audio en inglés, español y francés. Subtítulos en inglés, español y francés |
| 650 #4 - ASIENTO SECUNDARIO DE MATERIA - TERMINO TEMATICO [R] | |
| 9 (RLIN) | 21369 |
| Término temático o nombre geográfico como elemento de entrada [NR] | Periodistas en el cine |
| Subdivisión de forma [R] | DVD |
| 650 #7 - ASIENTO SECUNDARIO DE MATERIA - TERMINO TEMATICO [R] | |
| 9 (RLIN) | 51326 |
| Término temático o nombre geográfico como elemento de entrada [NR] | Películas cinematográficas |
| Subdivisión geográfica [R] | Estados Unidos |
| Subdivisión de forma [R] | DVD |
| 690 ## - ASUNTO AGREGADO LOCAL DE ENTRADA - TÉRMINO TEMÁTICO (OCLC, RLIN) | |
| 9 (RLIN) | 42805 |
| Acceso temático local | Entretenimiento |
| 690 ## - ASUNTO AGREGADO LOCAL DE ENTRADA - TÉRMINO TEMÁTICO (OCLC, RLIN) | |
| 9 (RLIN) | 42898 |
| Acceso temático local | Periodismo |
| 700 1# - ASIENTO SECUNDARIO - NOMBRE PERSONAL [R] | |
| Nombre personal [NR] | Macdonald, Kevin |
| Término de relación [R] | director |
| 9 (RLIN) | 56952 |
| 710 2# - ASIENTO SECUNDARIO - NOMBRE CORPORATIVO [R] | |
| Nombre corporativo o de jurisdicción como elemento de entrada [NR] | Universal Pictures |
| 9 (RLIN) | 50661 |
| 710 2# - ASIENTO SECUNDARIO - NOMBRE CORPORATIVO [R] | |
| Nombre corporativo o de jurisdicción como elemento de entrada [NR] | Working Title Films |
| 9 (RLIN) | 56642 |
| 710 2# - ASIENTO SECUNDARIO - NOMBRE CORPORATIVO [R] | |
| Nombre corporativo o de jurisdicción como elemento de entrada [NR] | StudioCanal |
| 9 (RLIN) | 56953 |
| 710 2# - ASIENTO SECUNDARIO - NOMBRE CORPORATIVO [R] | |
| Nombre corporativo o de jurisdicción como elemento de entrada [NR] | Relativity Media |
| 9 (RLIN) | 50662 |
| 710 2# - ASIENTO SECUNDARIO - NOMBRE CORPORATIVO [R] | |
| Nombre corporativo o de jurisdicción como elemento de entrada [NR] | Andell Entertainment |
| 9 (RLIN) | 56954 |
| 765 0# - ASIENTO DE IDIOMA ORIGINAL [R] | |
| Título [NR] | State of Play |
| 856 40 - LOCALIZACION Y ACCESO ELECTRONICOS [R] | |
| Identificador Uniforme del Recurso (“URI”) [R] | <a href="https://www.youtube.com/watch?v=6KU0Vu991XE">https://www.youtube.com/watch?v=6KU0Vu991XE</a> |
| Nota dirigida al público [R] | Siga este enlace para ver el trailer |
| -- | Trailer tomado del canal MoviemanTrailers vía YouTube.com |
| 942 ## - ELEMENTOS DE ENTRADA AGREGADOS (KOHA) | |
| Source of classification or shelving scheme | LOCAL |
| Tema principal | Entretenimiento |
| Koha item type | Multimedia |
| Edition | 1 |
| Classification part | DVD 1295 |
| Suprimido | Perdido | Sistema de clasificación | Dañado | No prestable | Tipo de ítem específico | Ubicación habitual | Ubicación actual | Localización | Fecha de creación | Proveedor | Forma de adquisición | Costo | Signatura topográfica | Código de barras | Última vez visto | Ejemplar | Costo de reposición | Price effective from | Tipo de ítem | Total préstamos | Fecha de último préstamo |
|---|---|---|---|---|---|---|---|---|---|---|---|---|---|---|---|---|---|---|---|---|---|
| LOCAL | DVD | Claustro | Claustro | Colección digital | 20/02/2014 | Donación | 26000.00 | DVD 1295 | 100140983 | 10/12/2024 | Ej.2 | 20/02/2014 | Multimedia | 1 | 05/12/2014 | ||||||
| LOCAL | Préstamo restringido | DVD | Procesos Técnicos (no para préstamo) | Procesos Técnicos (no para préstamo) | Procesos Técnicos | 18/02/2014 | 12 | Donación | 26000.00 | DVD 1295 | 100140976 | 09/12/2025 | Ej.1 | 26000.00 | 18/02/2014 | Multimedia |